00533nam a2200169Ia 4500003000400000008004100004040001600045082001600061100001800077245006100095260007200156300002200228650002600250650002900276650002500305650003300330GCL140319s9999 xx 000 0 eng d aGCL / cGCL04a791.43bV A1 aSHAFIK, VIOLA10aARAB CINEMA HISTORY CULTURAL IDENTITY / cSHAFIK, VIOLA aالقاهرة : bTHE AMERICAN UNIVERSITY IN CAIRO PRESS ، c1998 a255 P ؛ c20 C M04aHISTORY AND CRITICISM04aMOTION PICTURES - ACTING04aMOTION PICUTRES FILM04aMOTION PICTURES - ARAB WORLD